English for Nurses (Record no. 155458)
[ view plain ]
| 000 -LEADER | |
|---|---|
| fixed length control field | 00300nam a2200121Ia 4500 |
| 008 - FIXED-LENGTH DATA ELEMENTS--GENERAL INFORMATION | |
| fixed length control field | 230411s9999 xx 000 0 und d |
| 041 ## - LANGUAGE CODE | |
| Language code of text/sound track or separate title | eng |
| 082 ## - DEWEY DECIMAL CLASSIFICATION NUMBER | |
| Classification number | EN/420/MAL/B04870 |
| 100 ## - MAIN ENTRY--PERSONAL NAME | |
| Personal name | Mali Ramling B |
| 9 (RLIN) | 177292 |
| 245 ## - TITLE STATEMENT | |
| Title | English for Nurses |
| 260 ## - PUBLICATION, DISTRIBUTION, ETC. (IMPRINT) | |
| Place of publication, distribution, etc. | Mumbai |
| Date of publication, distribution, etc. | 2004 |
| Withdrawn status | Lost status | Damaged status | Not for loan | Collection code | Home library | Current library | Date acquired | Vendor | Cost, normal purchase price | Bill number | Total Checkouts | Full call number | Barcode | Date last seen | Cost, replacement price | Bill Date | Koha item type | Original Barcode |
|---|---|---|---|---|---|---|---|---|---|---|---|---|---|---|---|---|---|---|
| Smt. Bakul Tambat Institute of Nursing Education | Smt. Bakul Tambat Institute of Nursing Education | 31/12/2007 | M.K.S.S.S I.N.E.Ratnagiri. | 140.00 | 8649 | EN 420 MAL B04870 | BTIN-BK-4870 | 11/04/2023 | 140.00 | 11/02/2005 | Books | B04870 |